| 000 | 00733nam a2200229 a 4500 | ||
|---|---|---|---|
| 001 | 68469 | ||
| 003 | BD-RjUL | ||
| 005 | 20211209081757.0 | ||
| 008 | 190415s2018 bg | 000 0 ben d | ||
| 020 | _a9789843437570 | ||
| 035 | _a(BD-RjUL)68679 | ||
| 040 |
_aBD-RjUL _cBD-RjUL _beng |
||
| 041 | _aeng | ||
| 082 |
_223 _a 891.443 _bBAG 2018 |
||
| 100 |
_aবাদল, আরেফিন _9230594 |
||
| 245 |
_aগল্প সমগ্র / _cআরেফিন বাদল |
||
| 260 |
_aঢাকা : _bআগামী প্রকাশনী, _c২০১৮ |
||
| 300 |
_a২০০ পৃ. ; _c২২ সেমি. |
||
| 504 | _aপ্রথম খন্ড | ||
| 650 |
_aShort stories, Bengali _9230587 |
||
| 942 |
_2ddc _cBK |
||
| 999 |
_c68469 _d68469 |
||